00439nam a2200157Ia 450000500170000000800460001702000180006303700100008104000180009104100130010908400080012210000120013024500420014226000570018485600400024120260120132228.0008 260114s9999 xx 000 0 eng d a9781383023978 aEBOOK aCRLbengcCRL aeng2eng qCRL aLaursen 0aIntroduction to Local Spectral Theory bOxford University PressOxford University Pressc2023 uhttps://academic.oup.com/book/53855